000 00219 a2200097 4500
001 30236
100 _aMcclement, F
245 _aIt doesnot Matter where you sit
260 _aLondon
_bCassell
_c
090 _c20179
_d20179
942 _aNUST-CAE
_cM
_c11313
999 _c265309
_d265309